AMERICA LATINA: MITOS Y REALIDADES/
TRADUCCION DE: LATIN AMERICA - DIPLOMACY AND REALITY
Gorde:
| Egile nagusia: | |
|---|---|
| Formatua: | Liburua |
| Saila: | LOS LIBROS DE VEA Y LEA;
4 |
| Gaiak: | |
| Etiketak: |
MARC
| LEADER | 00000nam^a2200000^a^4500 | ||
|---|---|---|---|
| 001 | 000226357 | ||
| 005 | 20250521000000.0 | ||
| 009 | 20260310104203.15 | ||
| 035 | |a 045045 | ||
| 037 | |a Acervo Xavier Clavigero | ||
| 082 | |a 327. 8073 |b BER | ||
| 100 | |a Berle, Adolf A. |e (autor) | ||
| 245 | 1 | 0 | |a AMERICA LATINA: |b MITOS Y REALIDADES/ |c ADOLPH A. BERLE |
| 264 | |a BUENOS AIRES : |b HARPER & ROW | ||
| 300 | |a 134p. | ||
| 336 | |a texto |b txt |2 rdacontenido | ||
| 337 | |a sin mediación |b n |2 rdamedio | ||
| 338 | |a volumen |b nc |2 rdasoporte | ||
| 440 | |a LOS LIBROS DE VEA Y LEA; |v 4 | ||
| 520 | |a TRADUCCION DE: LATIN AMERICA - DIPLOMACY AND REALITY | ||
| 649 | |a XX | ||
| 650 | |a Relaciones Internacionales - |z EUA-Iberoamérica | ||
| 650 | |a Relaciones Internacionales - |z EUA-Iberoamérica | ||
| 910 | |a Fondo General | ||
| 920 | |a Impresos - Libros | ||
| 930 | |a Colección General | ||
| 905 | |a 101 | ||
| 901 | |a 045045 |b IT1 |c ACC |i 045045 |u 20250521 | ||
| 902 | |a https://opac.biblio.iteso.mx/vufind/Record/000226357 | ||